UK by Picture - E - Statistics

General Stats
  • This quiz has been taken 55 times
  • The average score is 12 of 16
Answer Stats
Picture Hint Answer % Correct
Queen Elizabeth II
100%
Country England
100%
National Capital City Edinburgh
98%
King Edward VIII
96%
County Essex
94%
Body of Water English Channel
92%
Tea Blend Earl Grey
85%
Actor Idris Elba
79%
Football Club Everton
75%
Soap Opera EastEnders
73%
Fictional Donkey Eeyore
73%
Dessert Eton Mess
65%
Region East Anglia
63%
Presenter Chris Evans
52%
Boxer Chris Eubank
46%
Pie Eccles Cake
40%
No matching quizzes found
Score Distribution
Percent of People with Each Score
Percentile by Number Answered
Your Score History
You have not taken this quiz